000 00291nam a22001337a 4500
008 181025b xxu||||| |||| 00| 0 eng d
020 _a9781592602551
041 _aeng
080 _a370
100 _a45
101 _aEDU
245 _aLeadind With Integrity
_cKolp.A
942 _2udc
_cBK
999 _c50889
_d50889